000 00544nam a2200133Ia 4500
008 220216s9999 xx 000 0 und d
100 _aJose P.J.
245 2 _aA simple device for storing sheet rubber in smallholdings
260 _bIn: Global competitiveness of Indian rubber plantation industry: Rubber Planters' Conference, India 2002. (Ed. C. Kuruvilla Jacob). Rubber Research Institute of India, Kottayam, India, pp. 233-234.
_c2003
650 _aSheet rubber storage
650 _aSmallholdings
700 _aHegden M.L.R.
942 _cBS
999 _c52536
_d52536